00622nam a2200169Ia 4500001000900000003000500009008004100014010001100055040000900066100003500075245016300110260003300273300001000306502008700316650001100403710003800414Para_935CHAP220125s1993 xx 000 0 und d a199726 cCHAP aRíos Cuevas, Beatriz Yolanda aEnsayos uniformes de frijol (Phaseolus vulgaris L.) bajo condiciones de riego y temporal en la zona norte de Guanajuato /c por Beatriz Yolanda Ríos Cuevas aUruapan, Mich. :b El autor a48 h. aTesis (Ing. Agr. Esp. en Parasitología) UMSNH. Fac. Agrobiología, Pres. Juarez aFrijol aUMSNH. Facultad de Agrobiología